[Event "Lima Palma Memorial U1850 1st"]
[Site "Lima"]
[Date "2018.01.27"]
[Round "6.25"]
[White "Sulca Valenzuela, Luis Alberto"]
[Black "Puchuri Torres, Camila Jimena"]
[Result "1/2-1/2"]
[WhiteElo "1004"]
[BlackElo "1078"]
[PlyCount "54"]
[EventDate "2018.01.23"]
[EventType "swiss"]
[EventRounds "8"]
[EventCountry "PER"]
[SourceTitle "EXT 2024"]
[Source "ChessBase"]
[SourceDate "2023.10.10"]
[SourceVersion "1"]
[SourceVersionDate "2023.10.10"]
[SourceQuality "1"]

1. e4 c5 2. Nf3 d6 3. d4 cxd4 4. Nxd4 Nf6 5. Nc3 g6 6. Be3 Bg7 7. f3 0-0 8. Bc4 Nc6 9. Qd2 h5 10. 0-0-0 Bd7 11. Bb5 Qc7 12. Nd5 Nxd5 13. exd5 Nxd4 14. Bxd7 Nxc2 15. Qxc2 Qxd7 16. Bd4 Rac8 17. Bc3 Bxc3 18. bxc3 Qb5 19. Rd4 Rc5 20. Rb4 Qa5 21. Ra4 Qxc3 22. Qxc3 Rxc3+ 23. Kb2 Rc5 24. Rxa7 Rxd5 25. Rxb7 e5 26. Rb4 Rd2+ 27. Kb3 Rxg2 1/2-1/2

[Event "Lima Palma Memorial U1850 1st"]
[Site "Lima"]
[Date "2018.01.23"]
[Round "2.22"]
[White "Herrera Cervellon, Jesus Yorman Andres"]
[Black "Puchuri Torres, Camila Jimena"]
[Result "1-0"]
[WhiteElo "1329"]
[BlackElo "1078"]
[PlyCount "61"]
[EventDate "2018.01.23"]
[EventType "swiss"]
[EventRounds "8"]
[EventCountry "PER"]
[SourceTitle "EXT 2024"]
[Source "ChessBase"]
[SourceDate "2023.10.10"]
[SourceVersion "1"]
[SourceVersionDate "2023.10.10"]
[SourceQuality "1"]

1. e4 c5 2. Nf3 d6 3. d4 cxd4 4. Nxd4 Nf6 5. Nc3 g6 6. Be3 Bg7 7. f3 0-0 8. Qd2 Re8 9. Bc4 Nc6 10. 0-0-0 Bd7 11. Bb3 h5 12. h3 Qc7 13. g4 Nxd4 14. Bxd4 e5 15. Be3 Rad8 16. Bh6 Be6 17. Bxg7 Kxg7 18. gxh5 Nxh5 19. Rdg1 Nf4 20. Bxe6 Rxe6 21. h4 Rh8 22. Rg4 Kf8 23. Rd1 Rh7 24. Nb5 Qc5 25. Nxd6 b6 26. Nb7 Qb5 27. Nd6 Qa6 28. Qb4 Qxa2 29. Nf5+ Kg8 30. Rd8+ Re8 31. Rxe8# 1-0